000 00477 a2200145 4500
005 20250617165115.0
020 _a978-0-582-45150-6
082 _a658.8 SWE
100 _aSWEENEY, S.
245 _aTest Your Professional English Marketing.
260 _aEngland,
_bPearson Education Ltd,
_c1996.
300 _avi,106p.: ill.; map, picture, table,
_c23cm.
856 _yAccess online book
_fTest Your Professional English Marketing
_dwww.penguinenglish.com
942 _2ddc
_cBKS
999 _c115
_d115